Derecho de la comunicación: guía jurídica para profesionales de los medios (Registro nro. 13151)
[ vista simple ]
| 000 -Cabecera | |
|---|---|
| Campo de control de longitud fija | 01226nam a22004217a 4500 |
| 005 - Fecha y hora de la última transacción | |
| Campo de control | 20231002092330.0 |
| 008 - Elementos de longitud fija--Información general | |
| Campo de control de longitud fija | 210819b2016 xxu||||| |||| 00| 0 spa d |
| 020 ## - International Standard Book Number | |
| Número Internacional Estándar del Libro (ISBN) | 9788431331238 |
| 041 ## - Idioma | |
| Código de idioma | Español |
| 082 ## - Clasificación Decimal Dewey | |
| Número de clasificación | 342.085.3 Az997d |
| 100 ## - Entrada principal--Autor personal | |
| Nombre personal | Azurmendi, Ana |
| 9 (RLIN) | 83025 |
| 245 ## - Título propiamente dicho | |
| Título | Derecho de la comunicación: guía jurídica para profesionales de los medios |
| 260 ## - Pie de imprenta | |
| Lugar de publicación, distribución, etc. | España |
| 260 ## - Pie de imprenta | |
| Nombre del editor, distribuidor, etc. | EUNSA |
| 260 ## - Pie de imprenta | |
| Fecha de publicación, distribución, etc. | 2016 |
| 300 ## - Descripción física | |
| Extensión | 365 páginas |
| 650 ## - Materia general | |
| Temática (materia general) | DERECHO A LA INFORMACIÓN |
| 650 ## - Materia general | |
| Temática (materia general) | LIBERTAD DE INFORMACIÓN |
| 650 ## - Materia general | |
| Temática (materia general) | PERIODISMO |
| 650 ## - Materia general | |
| Temática (materia general) | LIBERTAD DE EXPRESIÓN |
| 650 ## - Materia general | |
| Temática (materia general) | DERECHOS HUMANOS |
| 650 ## - Materia general | |
| Temática (materia general) | DRECHO DE RÉPLICA |
| 650 ## - Materia general | |
| Temática (materia general) | LIMITES DE LA INFORMACIÓN |
| 650 ## - Materia general | |
| Temática (materia general) | DERECHO A LA INFORMACIÓN |
| 650 ## - Materia general | |
| Temática (materia general) | PROTECCIÓN DE LA PRIVACIDAD |
| 650 ## - Materia general | |
| Temática (materia general) | DERECHO AL HONOR |
| 650 ## - Materia general | |
| Temática (materia general) | PROPIA IMÁGEN |
| 650 ## - Materia general | |
| Temática (materia general) | DERECHO DEL MENOR |
| 650 ## - Materia general | |
| Temática (materia general) | SECRETO PROFESIONAL |
| 650 ## - Materia general | |
| Temática (materia general) | DERECHOS DE AUTOR |
| 650 ## - Materia general | |
| Temática (materia general) | REGIMÉN JURÍDICO |
| 650 ## - Materia general | |
| Temática (materia general) | MEDIOS DE COMUNICACIÓN |
| 650 ## - Materia general | |
| Temática (materia general) | INTERNET |
| 650 ## - Materia general | |
| Temática (materia general) | TELEVISIÓN |
| 650 ## - Materia general | |
| Temática (materia general) | RADIO |
| 650 ## - Materia general | |
| Temática (materia general) | REGULACIÓN DE LA PUBLICIDAD |
| 942 ## - Punto de acceso adicional KOHA | |
| Tipo de ítem KOHA | Libro |
| Fuente del sistema de clasificación o colocación | Dewey Decimal Classification |
| Signatura completa | Código de barras | Tipo de ítem |
|---|---|---|
| 342.085.3 Az997d | 25330 | Libro |